Events design and experiance
Αποθηκεύτηκε σε:
| Κύριος συγγραφέας: | |
|---|---|
| Μορφή: | Βιβλίο |
| Γλώσσα: | English |
| Δημοσίευση: |
Amsterdam :
Elsevier,
2007
|
| Σειρά: | Events management series
|
| Θέματα: | |
| Ετικέτες: |
Προσθήκη ετικέτας
Δεν υπάρχουν, Καταχωρήστε ετικέτα πρώτοι!
|
MARC
| LEADER | 00000nam a2200000 i 4500 | ||
|---|---|---|---|
| 001 | 1/57665 | ||
| 008 | 071010s2007 eng d | ||
| 020 | |a 978-0-7506-6453-0 | ||
| 020 | |a 0-7506-6453-3 | ||
| 035 | |l 10091354 | ||
| 040 | |a GR-MY-UA |b gre |e aacr | ||
| 041 | 0 | |a eng | |
| 082 | 0 | |a 394.2068 |2 (22) | |
| 100 | 1 | |a Berridge, Graham. | |
| 245 | 1 | 0 | |a Events design and experiance / |c Graham Berridge |
| 260 | |a Amsterdam : |b Elsevier, |c 2007 | ||
| 300 | |a xv, 296 σ.; |c 25 εκ. | ||
| 490 | 1 | |a Events management series | |
| 504 | |a Βιβλιογραφία: σ. 281-292. Ευρετήριο | ||
| 650 | 0 | 0 | |a Special events |x Planning. |
| 830 | 0 | |a Events management series | |
| 852 | |a INST |b CHIOS |e 20071010 |h 394.2068 BER |p 005200025501 |q 005200025501 |t BK |y 0 | ||
| 901 | |a BIBL2-2007-3 | ||
| 909 | |a Χ |b 139435 | ||
| 922 | |a 2ΕΛΗ |b 200709 |c ΕΠΕΑΕΚ2/ΤΔΕ |d ΠΑΠΑΣΩΤΗΡΙΟΥ | ||
| 970 | |a ΑΤΣΑΛΗ |b ΔΕΣΠΟΙΝΑ |z 2007/10/10 | ||